<?xml version="1.0" encoding="UTF-8"?>
<marc:record xmlns:marc="http://www.loc.gov/MARC21/slim">
   <marc:leader>00000nam a2200000 a 4500</marc:leader>
   <marc:datafield ind1="1" ind2=" " tag="100">
      <marc:subfield code="a">Strohmaier, Jürgen</marc:subfield>
      <marc:subfield code="4">aut</marc:subfield>
      <marc:subfield code="e">Verfasser/-in</marc:subfield>
   </marc:datafield>
   <marc:datafield ind1=" " ind2=" " tag="653">
      <marc:subfield code="a">Sintra</marc:subfield>
   </marc:datafield>
   <marc:datafield ind1=" " ind2=" " tag="653">
      <marc:subfield code="a">Parque de Pena</marc:subfield>
   </marc:datafield>
   <marc:datafield ind1=" " ind2=" " tag="653">
      <marc:subfield code="a">Cascais</marc:subfield>
   </marc:datafield>
   <marc:datafield ind1=" " ind2=" " tag="653">
      <marc:subfield code="a">Estoril</marc:subfield>
   </marc:datafield>
   <marc:datafield ind1=" " ind2=" " tag="653">
      <marc:subfield code="a">Sâo Bento</marc:subfield>
   </marc:datafield>
   <marc:datafield ind1=" " ind2=" " tag="653">
      <marc:subfield code="a">Estrela</marc:subfield>
   </marc:datafield>
   <marc:datafield ind1=" " ind2=" " tag="653">
      <marc:subfield code="a">Campo de Ourique</marc:subfield>
   </marc:datafield>
   <marc:datafield ind1=" " ind2=" " tag="653">
      <marc:subfield code="a">Madragoa</marc:subfield>
   </marc:datafield>
   <marc:datafield ind1=" " ind2=" " tag="653">
      <marc:subfield code="a">Lapa</marc:subfield>
   </marc:datafield>
   <marc:datafield ind1=" " ind2=" " tag="653">
      <marc:subfield code="a">Ajuda</marc:subfield>
   </marc:datafield>
   <marc:datafield ind1=" " ind2=" " tag="653">
      <marc:subfield code="a">Softcover / Reisen/Reiseführer/Europa</marc:subfield>
   </marc:datafield>
   <marc:datafield ind1="0" ind2="0" tag="245">
      <marc:subfield code="a">DuMont Reise-Taschenbuch Lissabon</marc:subfield>
   </marc:datafield>
   <marc:datafield ind1="0" ind2="0" tag="245">
      <marc:subfield code="b">Reiseführer plus Reisekarte. Mit Autorentipps, Stadtspaziergängen und Touren</marc:subfield>
   </marc:datafield>
   <marc:datafield ind1="0" ind2="0" tag="245">
      <marc:subfield code="c">Jürgen Strohmaier</marc:subfield>
   </marc:datafield>
   <marc:datafield ind1=" " ind2="1" tag="264">
      <marc:subfield code="a">Ostfildern</marc:subfield>
      <marc:subfield code="b">DuMont Reiseverlag</marc:subfield>
      <marc:subfield code="c">2019</marc:subfield>
   </marc:datafield>
   <marc:datafield ind1="1" ind2=" " tag="490">
      <marc:subfield code="a">DuMont REISE-TASCHENBUCH</marc:subfield>
   </marc:datafield>
   <marc:datafield ind1=" " ind2=" " tag="250">
      <marc:subfield code="a">1. Auflage</marc:subfield>
   </marc:datafield>
   <marc:datafield ind1="1" ind2=" " tag="520">
      <marc:subfield code="a">Angaben aus der Verlagsmeldung

DuMont Reise-Taschenbuch Reiseführer Lissabon : mit Online-Updates als Gratis-Download / von Jürgen Strohmaier

Weiße Marmorpaläste, bunt gekachelte Häuser und der silbrig glitzernde Tejo, enge Altstadtgassen und futuristische Architektur am Flussufer - und dazu verzaubert Lissabon mit südlichem Flair und der Herzlichkeit seiner Bewohner. Jürgen Strohmaier, Autor des DuMont Reise-Taschenbuchs Lissabon, lebt seit über 20 Jahren hier und verrät seinen Lesern seine ganz persönlichen Lieblingsorte wie den Ökomarkt im Bairro Alto, auf Wunsch zeigt er „seine Stadt“ sogar vor Ort als persönlicher Stadtführer.
Von den über die Hügel wuchernden Altstadtvierteln bis zum modernen Expo- Gelände beschreibt der Autor alles Sehenswerte, er verrät die kleinen und großen Geheimnisse der Stadt, gibt Tipps für gastronomischen Genuss und abendliche Unterhaltung und verweist auf Neuerungen wie etwa das futuristisch gestaltete Museum für Geld in der lebendigen Unterstadt Baixa. Fast vergessene Zeiten werden lebendig bei einer Fahrt mit der nostalgisch schaukelnden Straßenbahn, mit der man unbedingt Lissabons Hügel erklimmen sollte.
Weitere Entdeckungstouren führen zum Jardim Botânico und in die Kathedrale des Fußballs, das Stadion von Benfica Lissabon. Und für aktive Städtereisende gibt es beispielsweise eine Radtour von Cascais zum Strand von Guincho.
Eine rasche Orientierung ermöglichen die detaillierte Extra-Reisekarte im Maßstab 1:12.500, eine Übersichtskarte mit Lissabons Highlights sowie 19 präzise Citypläne und Tourenkarten. Online-Updates und aktuelle Extratipps des Autors hält die Website www.dumontreise.de/lissabon bereit.
</marc:subfield>
   </marc:datafield>
   <marc:datafield ind1=" " ind2=" " tag="020">
      <marc:subfield code="a">9783616020556</marc:subfield>
      <marc:subfield code="9">9783616020556</marc:subfield>
   </marc:datafield>
   <marc:datafield ind1=" " ind2=" " tag="020">
      <marc:subfield code="a">3616020557</marc:subfield>
      <marc:subfield code="9">3616020557</marc:subfield>
   </marc:datafield>
   <marc:datafield ind1=" " ind2=" " tag="041">
      <marc:subfield code="a">ger</marc:subfield>
   </marc:datafield>
   <marc:datafield ind1=" " ind2=" " tag="300">
      <marc:subfield code="a">304 Seiten</marc:subfield>
   </marc:datafield>
</marc:record>
